O eu-cuidado, um ser em construção (Record no. 188638)

MARC details
000 -LÍDER
campo de controle de tamanho fixo 00404 a2200169 4500
001 - NÚMERO DE CONTROLE
campo de controle 188638
020 ## - ISBN - INTERNATIONAL STANDARD BOOK NUMBER
ISBN - International Standard Book Number 85-356-1480- X
040 ## - FONTE DA CATALOGAÇÃO
Instituição que transcreveu o registro Magnum
100 ## - ENTRADA PRINCIPAL--NOME PESSOAL
Nome pessoal Starling, Rosana de Miranda
240 10 - TÍTULO UNIFORME
Título uniforme O eu-cuidado, um ser em construção
Idioma da obra por
245 10 - TÍTULO
Título O eu-cuidado, um ser em construção
300 ## - DESCRIÇÃO FÍSICA
Extensão 149
362 0# - DATAS DE PUBLICAÇÃO E/OU DESIGNAÇÃO SEQUENCIAL
Datas de publicação e/ou designação sequencial 2005
440 #1 - DECLARAÇÃO DE SÉRIE/ENTRADA ADICIONADA--TÍTULO
Título Paulinas
697 ## - ENTRADA DE ASSUNTO LOCAL--ENTIDADE COLETIVA (RLIN)
Nome corporativo ou nome da jurisdição MEDICINA E SAÚDE
942 ## - ELEMENTOS DE ENTRADA ADICIONADOS (KOHA)
Tipo de material Koha Livros
Holdings
Situação do descarte Situação das perdas Situação física Não pode ser emprestado Biblioteca de origem Biblioteca atual Data de aquisição Total de empréstimos Número de chamada completo Código de barras Data de último acesso Data do preço efetivo Tipo de material Koha
        Magnum Magnum 08/06/2024   600.1 MAG00062011 08/06/2024 08/06/2024 Livros